Đầu tư tài chính /

Spremljeno u:
Bibliografski detalji
Glavni autor: Nguyễn Văn Thuận
Daljnji autori: Lại Tiến Dĩnh, Phan Thị Bích Nguyệt
Format: Sách giấy
Jezik:Vietnamese
Izdano: Hà Nội : Thống kê , 2000
Oznake: Dodaj oznaku
Bez oznaka, Budi prvi tko označuje ovaj zapis!
Thư viện lưu trữ: Thư viện Trường Đại học Đà Lạt
LEADER 00710nam a2200277 4500
001 DLU020020181
005 ##7/1/2002
020 # # |a 978- 
041 # # |a vie 
082 # # |a 658.152  |b NG-T 
090 # # |a 658.152  |b NG-T 
100 # # |a Nguyễn Văn Thuận 
245 # # |a Đầu tư tài chính /  |c Nguyễn Văn Thuận, Lại Tiến Dĩnh, Phan Thị Bích Nguyệt 
260 # # |a Hà Nội :  |b Thống kê ,  |c 2000 
300 # # |a 366 tr.;   |c 21 cm. 
700 # # |a Lại Tiến Dĩnh 
700 # # |a Phan Thị Bích Nguyệt 
992 # # |a 25000 
994 # # |a DLU 
900 # # |a False 
911 # # |a Administrator 
925 # # |a G 
926 # # |a A 
927 # # |a SH 
980 # # |a Thư viện Trường Đại học Đà Lạt